Aprender jugando con la naturaleza / (Record no. 154230)

MARC details
000 -CABECERA
campo de control de longitud fija 00836nam a2200265 u 4500
005 - FECHA Y HORA DE LA ÚLTIMA TRANSACCIÓN
campo de control 20241012064040.0
008 - ELEMENTOS DE LONGITUD FIJA--INFORMACIÓN GENERAL
campo de control de longitud fija 111010s2007 ag r 000 0 spa d
020 ## - NÚMERO INTERNACIONAL NORMALIZADO PARA LIBROS
Número Internacional Estándar del Libro 9789505073269
035 ## - NÚMERO DE CONTROL DEL SISTEMA
Número de control de sistema UPN01000182127
049 ## - COLECCIÓN
Colección I
050 #4 - SIGNATURA TOPOGRÁFICA DE LA BIBLIOTECA DEL CONGRESO
Número de clasificación LB1137
Número de documento/Ítem G3.2 2007
100 1# - ASIENTO PRINCIPAL--NOMBRE PERSONAL
Nombre de persona Gamboa de Vitelleschi, Susana
9 (RLIN) 31594
245 10 - MENCIÓN DE TÍTULO
Título Aprender jugando con la naturaleza /
Mención de responsabilidad, etc. Susana Gamboa de Vitelleschi.
250 ## - MENCIÓN DE EDICIÓN
Mención de edición 7a ed.
260 ## - PUBLICACIÓN, DISTRIBUCIÓN, ETC.
Lugar de publicación, distribución, etc. Buenos Aires :
Nombre del editor, distribuidor, etc. Bonum,
Fecha de publicación, distribución, etc. 2007
300 ## - DESCRIPCIÓN FÍSICA
Extensión 181 p. :
Otras características físicas il.
440 #0 - MENCIÓN DE SERIE/ASIENTO SECUNDARIO--TÍTULO
Título Juegos y dinámicas
650 #4 - ASIENTO SECUNDARIO DE MATERIA - TERMINO TEMATICO
Término de materia o nombre geográfico como elemento de entrada Juegos educativos
9 (RLIN) 3952
650 #4 - ASIENTO SECUNDARIO DE MATERIA - TERMINO TEMATICO
Término de materia o nombre geográfico como elemento de entrada NATURALEZA -
Subdivisión general ESTUDIO
9 (RLIN) 4687
650 #4 - ASIENTO SECUNDARIO DE MATERIA - TERMINO TEMATICO
Término de materia o nombre geográfico como elemento de entrada SENTIDOS Y SENSACIONES EN LOS NIÑOS
9 (RLIN) 15677
650 #4 - ASIENTO SECUNDARIO DE MATERIA - TERMINO TEMATICO
Término de materia o nombre geográfico como elemento de entrada VALORES -
Subdivisión general ESTUDIO Y ENSEÑANZA (ELEMENTAL)
9 (RLIN) 311
650 #4 - ASIENTO SECUNDARIO DE MATERIA - TERMINO TEMATICO
Término de materia o nombre geográfico como elemento de entrada Lógica
Subdivisión general Estudio y enseñanza
9 (RLIN) 15637
905 ## - TIPO DE MATERIAL
Tipo de material Infantil
Holdings
Estado de retiro Estado de pérdida Fuente del sistema de clasificación o colocación Estado dañado No para préstamo Código de colección Localización permanente Ubicación/localización actual Ubicación en estantería Fecha de adquisición Total de préstamos Clasificación Código de barras Fecha visto por última vez Fecha del último préstamo Número de copia Tipo de ítem Koha
    Library of Congress Classification     Infantil Bib. Gregorio Torres Quintero Bib. Gregorio Torres Quintero Sala infantil Planta baja 11/05/2023 1 LB1137 G3.2 2007 280237 23/11/2023 14/11/2023 1 Libro